000 00491nam a2200169Ia 4500
003 GCL
008 140319s9999 xx 000 0 ara d
040 _aGCL /
_cGCL
082 0 4 _a189.3
_bا م
100 1 _aابويعرب المرزوقى
245 1 0 _aمفهوم السببية عند الغزالى /
_cابويعرب المرزوقى
260 _a[S.N] :
_bدار بوسلامة
300 _a242 ص
490 _a
650 0 4 _aالفلسفة الاسلامية
942 _2ddc
_cBK
999 _c53813
_d53813